00205nam a22000977a 4500040000700000082000800007100002000015245004100035260002100076300001000097 cSY a631 aKENICHI KAKUDOH aHandbook of tropical soil management aAICAFbKENc2003 a153p.